Туркестан (Запись № 13697267)

Подробности
000 -МАРКЕР
контрольное поле 03131nkm0a2200433 4500
001 - ИДЕНТИФИКАТОР ЗАПИСИ
контрольное поле RU\NLR\BIBL_A\022785417
005 - ИДЕНТИФИКАТОР ВЕРСИИ
контрольное поле 20260426080839.0
035 ## - ДРУГИЕ СИСТЕМНЫЕ НОМЕРА
Идентификатор записи (NLR Aleph) 022785417
100 ## - ДАННЫЕ ОБЩЕЙ ОБРАБОТКИ
Данные общей обработки 20260415d1903 u y0rusy50 ca
101 0# - ЯЗЫК РЕСУРСА
Язык текста, звукозаписи и т.д. русский
-- французский
102 ## - СТРАНА ПУБЛИКАЦИИ ИЛИ ПРОИЗВОДСТВА
Страна публикации Российская Федерация
116 ## - ПОЛЕ КОДИРОВАННЫХ ДАННЫХ: ИЗОБРАЗИТЕЛЬНЫЕ МАТЕРИАЛЫ
Кодированные данные для изобразительных материалов. diybxx zz ae
181 #0 - ПОЛЕ КОДИРОВАННЫХ ДАННЫХ: ВИД СОДЕРЖАНИЯ
Код вида содержания (ISBD) b4
Код характеристики содержания (ISBD) xb2e
182 #0 - ПОЛЕ КОДИРОВАННЫХ ДАННЫХ: ТИП СРЕДСТВА
Код типа средства (ISBD) n - непосредственное
200 1# - ЗАГЛАВИЕ И СВЕДЕНИЯ ОБ ОТВЕТСТВЕННОСТИ
Основное заглавие Туркестан
Обозначение и номер части № 7
Наименование части Могила правнучки Тамерлана
Сведения, относящиеся к заглавию открытое письмо
203 ## - ВИД СОДЕРЖАНИЯ И ТИП СРЕДСТВА
Вид содержания Изображение
Дополнительные сведения об издании неподвижное
-- двухмерное
-- визуальное
Тип средства непосредственное
210 ## - ПУБЛИКАЦИЯ, РАСПРОСТРАНЕНИЕ И ДР.
Место издания, распространения и т.д. [Москва]
Имя издателя, распространителя и т. д. изд. Д. П. Ефимова
Дата издания, распространения и т.д. 1903
Место изготовления Москва
Имя изготовителя Фототипия Шерер, Набгольц и Ко.
215 ## - ФИЗИЧЕСКАЯ ХАРАКТЕРИСТИКА
Специфическое обозначение материала и объем 1 л.
Другие сведения о физической характеристике фототип.
Размеры 13,7х8,8
300 ## - ОБЩИЕ ПРИМЕЧАНИЯ
Текст примечания Загл. также на фр. яз.: Tourkestan
300 ## - ОБЩИЕ ПРИМЕЧАНИЯ
Текст примечания Место изготовления и наименование изготовителя также на фр. яз.: Moscou : Phototypie Scherer, Nabholz & Co.
300 ## - ОБЩИЕ ПРИМЕЧАНИЯ
Текст примечания На адрес. стороне гос. герб Российской империи
317 ## - ПРИМЕЧАНИЯ О ПРОИСХОЖДЕНИИ ЭКЗЕМПЛЯРА
Текст примечания Экз. РНБ на шифре Э ОТ63/Т880, Эм21712: из коллекции И. Н. Чуракова
Организация и экземпляр, к которому относится поле NLR: Э ОТ63/Т880
327 0# - ПРИМЕЧАНИЯ О СОДЕРЖАНИИ
Текст примечания Мавзолей Рабии Султан Бегим в городе Туркестане
606 1# - НАИМЕНОВАНИЕ ТЕМЫ КАК ПРЕДМЕТ
Наименование темы Почтовые открытки маркированные художественные
Географический подзаголовок Россия
Хронологический подзаголовок 1895 - 1917
Системный номер авторитетной/нормативной записи 2195710
Идентификатор авторитетной/нормативной записи RU\NLR\AUTH\6601555036
606 1# - НАИМЕНОВАНИЕ ТЕМЫ КАК ПРЕДМЕТ
Наименование темы Фотографические открытки
Системный номер авторитетной/нормативной записи 2151039
Идентификатор авторитетной/нормативной записи RU\NLR\AUTH\661600135
610 1# - НЕКОНТРОЛИРУЕМЫЕ ПРЕДМЕТНЫЕ ТЕРМИНЫ
Предметный термин Видовые открытки
617 ## - ИЕРАРХИЧЕСКОЕ ГЕОГРАФИЧЕСКОЕ НАЗВАНИЕ, ИСПОЛЬЗУЕМОЕ КАК ПРЕДМЕТ
Страна
Край / область / округ / графство / департамент и т.п. Сыр-Дарьинская область
-- Чимкентский уезд
Город Туркестан, город
Место действия Мавзолей Рабии Султан Бегим
686 0# - ИНДЕКСЫ ДРУГИХ КЛАССИФИКАЦИЙ
Индекс Щ153(2Р=Рус)53-489
702 #1 - ИМЯ ЛИЦА - ВТОРИЧНАЯ ОТВЕТСТВЕННОСТЬ
Код отношения Бывший владелец
Начальный элемент ввода Чураков
Часть имени, кроме начального элемента ввода И. Н.
Даты 1892-1942
Расширение инициалов личного имени Игорь Николаевич
Системный номер авторитетной/нормативной записи 134324
Идентификатор авторитетной/нормативной записи RU\NLR\AUTH\770134358
712 00 - НАИМЕНОВАНИЕ ОРГАНИЗАЦИИ - ВТОРИЧНАЯ ОТВЕТСТВЕННОСТЬ
Код отношения Издатель
Начальный элемент ввода Ефимов,
Идентифицирующий признак Москва
Инверсированный элемент Д. П.,
Часть наименования, отличная от начального элемента ввода и от инверсированного элемента книжный магазин
Системный номер авторитетной/нормативной записи 811695
Идентификатор авторитетной/нормативной записи RU\NLR\AUTH\8810158141
712 02 - НАИМЕНОВАНИЕ ОРГАНИЗАЦИИ - ВТОРИЧНАЯ ОТВЕТСТВЕННОСТЬ
Код отношения Печатник (типограф)
Начальный элемент ввода "Шерер, Набгольц и К°", фототипия
Идентифицирующий признак Москва
Системный номер авторитетной/нормативной записи 764868
Идентификатор авторитетной/нормативной записи RU\NLR\AUTH\8810134434
830 ## - ОБЩЕЕ ПРИМЕЧАНИЕ, СОСТАВЛЕННОЕ КАТАЛОГИЗАТОРОМ
Текст примечания https://azretsultan.kz/rus/mavzolej-rabiya-sultan-begim-hv-v/ (15.04.2026). АЯ ОЭФ
830 ## - ОБЩЕЕ ПРИМЕЧАНИЕ, СОСТАВЛЕННОЕ КАТАЛОГИЗАТОРОМ
Текст примечания Издатель открытки: Дмитрий Панфилович Ефимов (1866-1930) - владелец книжного магазина в Москве, книгоиздатель, издатель открыток. Время издательской деятельности, предположительно, 1895-1907 годы. Источники сведений: https://fantlab.ru/publisher4703 (28.07.2015), http://baza.vgdru.com/1/7878/60.htm?o=& (28.07.2015). А.Я. ОЭст
852 00 - МЕСТОНАХОЖДЕНИЕ И ШИФР ХРАНЕНИЯ
Идентификатор организации NLR
Наименование фонда или коллекции (Sub-Location Identifier) Э
Шифр хранения (Call Number) ОТ63/Т880
Идентификатор единицы Эм21712
942 ## - ДОПОЛНИТЕЛЬНЫЕ ЭЛЕМЕНТЫ ЗАПИСИ (АБИС)
Тип экземпляра АБИС Визуальный материал
980 ## - КОЛЛЕКЦИЯ
Название коллекции Национальная библиография

Нет доступных экземпляров.